000 00450nam a22001817a 4500
005 20251208164708.0
008 251208b |||||||| |||| 00| 0 eng d
037 _cTB
040 _aAL
_cAL
041 _2ARB
_aARB
084 _bAL
100 _aTaqiuddin
_9855335
245 _aAl-siyasat al-sharia fi islah al-raie
260 _c1969.
300 _a168p.
942 _2CC
_cTB
_n0
999 _c1466047
_d1466047